Urbanización en Centroamérica /
Uloženo v:
| Hlavní autor: | |
|---|---|
| Další autoři: | |
| Médium: | Text |
| Jazyk: | Spanish |
| Vydáno: |
San José:
FLACSO
1992
|
| Témata: | |
| Tagy: |
Přidat tag
Žádné tagy, Buďte první, kdo vytvoří štítek k tomuto záznamu!
|
MARC
| LEADER | 00000 a a2200000 04500 | ||
|---|---|---|---|
| 001 | 24143 | ||
| 003 | CRAI/IIS | ||
| 005 | 20210608185944.0 | ||
| 008 | 180124b1992 CR ||||| |||| 00| 0 spa d | ||
| 020 | |a 9977680310 | ||
| 040 | |c CRAI/IIS |a Centro de Recursos para el Aprendizaje y la Investigación |b Español | ||
| 090 | |a 14.04.03 P843u | ||
| 100 | |a Portes, Alejandro | ||
| 245 | |a Urbanización en Centroamérica / |c Alejandro Portes y Mario Lungo; Coordinadores | ||
| 260 | |a San José: |b FLACSO |c 1992 | ||
| 300 | |a 292 páginas |b mapas; cuadros | ||
| 500 | |a Colección Centroamérica | ||
| 650 | 1 | 0 | |9 1181 |a URBANIZACION |0 TESAUROS |
| 650 | 1 | 0 | |a PAISES EN DESARROLLO |9 1642 |0 TESAUROS |
| 650 | 1 | 0 | |9 1190 |a POBLACION URBANA |0 TESAUROS |
| 650 | 1 | 0 | |9 533 |a CONDICIONES SOCIALES |0 TESAUROS |
| 650 | 1 | 0 | |9 2165 |a CONDICIONES ECONOMICAS |0 TESAUROS |
| 650 | 1 | 0 | |9 1189 |a POLITICA URBANA |0 TESAUROS |
| 651 | 1 | 0 | |9 17 |a AMERICA LATINA |
| 651 | 1 | 0 | |9 309 |a REPUBLICA DOMINICANA |
| 700 | 1 | |a Dore-Cabral, Carlos |9 6495 | |
| 942 | |2 ddc |c LI |h 14.04.03 P843u |k 14.04.03 |m P843u |6 140403_P843U | ||
| 999 | |c 10959 |d 10959 | ||



